First Quarterback Taken in Every NFL Draft since 1941 - Statistics

General Stats
  • This quiz has been taken 52 times
    8 since last reset
  • The average score is 38 of 84
Answer Stats
Year Round Pick Team Answer % Correct
2012 1 1 Colts Andrew Luck
100%
2018 1 1 Browns Baker Mayfield
100%
2014 1 3 Jaguars Blake Bortles
100%
1951 1 2 Bears Bob Williams
100%
2023 1 1 Panthers Bryce Young
100%
2024 1 1 Bears Caleb Williams
100%
2011 1 1 Panthers Cam Newton
100%
2002 1 1 Texans David Carr
100%
1978 1 17 Buccaneers Doug Williams
100%
2004 1 1 Chargers Eli Manning
100%
2007 1 1 Raiders Jamarcus Russell
100%
2015 1 1 Buccaneers Jameis Winston
100%
2016 1 1 Rams Jared Goff
100%
2020 1 1 Bengals Joe Burrow
100%
2022 1 20 Steelers Kenny Pickett
100%
2019 1 1 Cardinals Kyler Murray
100%
2009 1 1 Lions Matthew Stafford
100%
2008 1 3 Falcons Matt Ryan
100%
2001 1 1 Falcons Michael Vick
100%
2017 1 2 Bears Mitchell Trubisky
100%
1998 1 1 Colts Peyton Manning
100%
2021 1 1 Jaguars Trevor Lawrence
100%
2006 1 3 Titans Vince Young
100%
2005 1 1 49ers Alex Smith
83%
2003 1 1 Bengals Carson Palmer
83%
1993 1 1 Patriots Drew Bledsoe
83%
2013 1 16 Bills E.J. Manuel
83%
2010 1 1 Rams Sam Bradford
83%
1970 1 1 Steelers Terry Bradshaw
83%
1999 1 1 Browns Tim Couch
83%
1989 1 1 Cowboys Troy Aikman
83%
2000 1 18 Jets Chad Pennington
67%
1983 1 1 Colts John Elway
67%
1995 1 3 Oilers Steve McNair
67%
1984 2 38 Bengals Boomer Esiason
50%
1994 1 3 Redskins Heath Shuler
50%
1990 1 1 Colts Jeff George
50%
1997 1 26 49ers Jim Druckenmiller
50%
1985 2 37 Eagles Randall Cunningham
50%
1987 1 1 Buccaneers Vinny Testaverde
50%
1973 1 2 Colts Bert Jones
33%
1971 1 1 Patirots Jim Plunkett
33%
1966 1 16 Falcons Randy Johnson
33%
1996 2 42 Rams Tony Banks
33%
1982 1 4 Colts Art Schlichter
17%
1965 1 5 Cowboys Craig Morton
17%
1974 3 53 Cowboys Danny White
17%
1992 1 6 Bengals David Klinger
17%
1956 1 2 49ers Earl Morrall
17%
1942 1 10 Bears Frankie Albert
17%
1968 1 11 Lions Greg Landry
17%
1986 1 3 Oilers Jim Everett
17%
1957 1 3 49ers John Brodie
17%
1976 1 6 Jets Richard Todd
17%
1962 1 2 Rams Roman Gabriel
17%
1975 1 1 Falcons Steve Bartkowski
17%
1967 1 3 49ers Steve Spurrier
17%
1988 3 68 Cardinals Tom Tupa
17%
1950 1 2 Colts Adrian Burk
0%
1944 1 1 Yanks Angelo Bertelli
0%
1952 1 1 Rams Billy Wade
0%
1954 1 1 Browns Bobby Garrett
0%
1946 1 1 Yanks Boley Dancewicz
0%
1991 1 16 Seahawks Dan McGwire
0%
1947 1 6 Packers Ernie Case
0%
1960 1 2 Cardinals George Izo
0%
1955 1 1 Colts George Shaw
0%
1969 1 5 Bengals Greg Cook
0%
1948 1 1 Redskins Harry Gilmer
0%
1953 1 3 Redskins Jack Scarbath
0%
1979 1 3 Bengals Jack Thompson
0%
1972 1 11 Packers Jerry Tagge
0%
1945 1 8 Redskins Jim Hardy
0%
1949 1 2 Lions John Rauch
0%
1958 1 1 Cardinals King Hill
0%
1980 1 15 Raiders Marc Wilson
0%
1961 1 2 Redskins Norm Snead
0%
1941 2 13 Cardinals Paul Christman
0%
1943 1 4 Dodgers Paul Governali
0%
1964 1 5 Lions Pete Beathard
0%
1959 1 1 Packers Randy Duncan
0%
1981 1 6 Packers Rich Campbell
0%
1977 1 19 Cardinals Steve Pisarkiewicz
0%
1963 1 1 Rams Terry Baker
0%
No matching quizzes found
Score Distribution
Percent of People with Each Score
Percentile by Number Answered
Your Score History
You have not taken this quiz since the last reset